000 00500nam a22001697a 4500
005 20231031081202.0
008 231031b |||||||| |||| 00| 0 eng d
020 _a0702130788
041 _aEnglish
082 _a347.5 PRE
100 _aPrest, CB
_lEnglish
245 _aInterlocutory Interdicts /
_cCB Prest
260 _aCape Town :
_bJuta and Company Ltd,
_c1993
300 _bxxxvi, 236 pages ;
_c25,5 cm.
650 _alegal practice
_bLaw
942 _cBK
_6ALISON_BN_VRIES
999 _c168
_d168